000 00581nam a22001937a 4500
005 20251108171004.0
008 250721s1997 xx 000 0 ara d
082 1 4 _a523.1/داف
100 1 _aدافيز، بول
245 1 0 _aالدقائق الثلاث الأخيرة /
264 1 _aالقاهرة :
_bالهئية العامة للكتاب،
_c1997.
300 _a187ص
650 1 7 _aعلم الكونيات
650 1 7 _aنشوء الكون
650 1 7 _aالنظريات
700 1 _aمحمد، هاشم أحمد
_eترجمة
942 _2ddc
_cBK
999 _c53795
_d53795